Minimálna mzda z hľadiska pracovnoprávnych vzťahov a dávkových vzťahov sociálneho zabezpečenia

Pojem a funkcie minimálnej mzdy. Výška minimálnej mzdy. Skrátený a kratší pracovný čas. Doplatok do výšky minimálnej mzdy. Minimálna mzda a domácki zamestnanci. Minimálna muda a kolektívna zmluva. Zvyšovanie minimálnej mzdy. Minimálna mzda vo vzťahu k dávkam nemocenského poistenia. Minimálna mzda vo...

ver descrição completa

Na minha lista:
Detalhes bibliográficos
Autor principal: Matlák, Ján
Formato: Capítulo de Livro
Idioma:eslovaco
Assuntos:
Tags: Adicionar Tag
Sem tags, seja o primeiro a adicionar uma tag!

MARC

LEADER 00000naa a2200000 4500
001 r038080
005 20231002080906.3
041 0 |a slo 
044 |a SK 
245 1 0 |a Minimálna mzda z hľadiska pracovnoprávnych vzťahov a dávkových vzťahov sociálneho zabezpečenia  |c Ján Matlák 
520 |a Pojem a funkcie minimálnej mzdy. Výška minimálnej mzdy. Skrátený a kratší pracovný čas. Doplatok do výšky minimálnej mzdy. Minimálna mzda a domácki zamestnanci. Minimálna muda a kolektívna zmluva. Zvyšovanie minimálnej mzdy. Minimálna mzda vo vzťahu k dávkam nemocenského poistenia. Minimálna mzda vo vzťahu k rodičovskému príspevku. 
610 2 0 |a mzdy minimálne 
610 2 0 |a zamestnanci domácki 
610 2 0 |a zabezpečenie sociálne 
610 2 0 |a vzťahy pracovnoprávne 
610 2 0 |a dávky sociálne 
610 2 0 |a poistenie nemocenské 
100 1 |a Matlák, Ján